[Event "Corus Wijk aan Zee"]
[Site " Wijk aan Zee"]
[Date "2007.01.18"]
[Round "5"]
[White "GM Navarra, David (CZE)"]
[Black "GM Radjabov, Teimour (AZE) "]
[Result "0-1"]
[WhiteElo "2719"]
[BlackElo "2729"]
[Annotator "Ñåðãåé Øèïîâ (îíëàéí)"]
[PlyCount "68"]
[EventDate "2007.01.??"]
[EventType "tourn"]
[EventCountry "NED"]
[EventCategory "19"]
[Source "CrestBook.com"]

{Çäðàâñòâóéòå, äðóçüÿ! ß - ãðîññìåéñòåð Ñåðãåé Øèïîâ - íàäåþñü, ÷òî âû
õîðîøî îòäîõíóëè è ãîòîâû âíîâü ó÷àñòâîâàòü â ñóïåðòóðíèðå Âåéê-àí-Çåå 2007.
Âñå ìû, çðèòåëè è êîììåíòàòîðû - ïîëíîïðàâíûå ó÷àñòíèêè äåéñòâà, êîòîðîå
ñëåäóåò ïîíèìàòü â ãëîáàëüíîì ñìûñëå. Øàõìàòèñòû ñîçäàþò ïàðòèè, ìû èõ
ðàñöâå÷èâàåì è ðàñïðîñòðàíÿåì ïî ìèðó...... Âûõîäíîé äåíü ïîçâîëèë
ïðåäâûáîðíûì øòàáàì ïðîäåëàòü ñåðüåçíóþ ðàáîòó è ïðîäâèíóòü èíòåðåñóþùèå èõ
ïàðòèè íà ôîðóìå ÊÑ. Òàê êàê ÿâíîãî ëèäåðà íåò, ÿ ðåøèë ïðîäåëàòü ýêñïåðèìåíò
- ïîêàçàòü â ïðÿìîì ýôèðå äâå íàèáîëåå âîñòðåáîâàííûå ïàðòèè. Â îäíîì àïïëåòå!
Îñíîâíîå òåëî: ïîåäèíîê Íàâàðà - Ðàäæàáîâ. Â ïðèìå÷àíèè ê ïåðâîìó õîäó:
ïîåäèíîê Àíàíä - Ñâèäëåð. Êàê ãîâîðèëè â ïðåæíèå ãîäû, ïîïûòêà - íå ïûòêà...
Êñòàòè, ïî õîäó äåëà ñ ïîìîùüþ îïöèè promote ìîæíî áóäåò ïîìåíÿòü ïàðòèè
ìåñòàìè. À âäðóã â ïàðòèè ëèäåðà ñëó÷èòñÿ áûñòðàÿ íè÷üÿ? Õîòÿ, ÿ â ýòîì
ñîìíåâàþñü... Òåïåðü ïîçâîëüòå ñêàçàòü ïàðó ñëîâ î òåêóùåé ñèòóàöèè â òóðíèðå.
Ðàäæàáîâ èãðàåò î÷åíü ñèëüíî! Åãî ëèäåðñòâî çàêîíîìåðíî. À Íàâàðà íåâåðîÿòíî
óäà÷ëèâ: ïî ïîçèöèÿì îí ñòîÿë íà "-2", íî ñóìåë íàáðàòü "+1". Àíàíä è Ñâèäëåð
ïîêà èãðàþò ñ áîëüøèì çàïàñîì, îíè íàâåðíÿêà ìîãóò ïðèáàâèòü. Íî ñåãîäíÿ
áîëåå îäíîãî î÷êà íà äâîèõ íàáðàòü íå ñìîãóò... Îñòàëüíûå ïàðòèè 5-ãî òóðà:
Êàðÿêèí - Ìîòûëåâ, Øèðîâ - Âàí Âåëè, Òèâÿêîâ - Òîïàëîâ, Ïîíîìàðåâ - Êðàìíèê,
Àðîíÿí - Êàðëñåí.  ..... Èòàê! Íàâàðà - Ðàäæàáîâ:} 1. d4 Nf6 2. Nf3 g6 {
Òåéìóð ïîñëåäîâàòåëüíî äåéñòâóåò â îäíîì è òîì æå íàïðàâëåíèè. Ñòàðîèíäèéñêàÿ
çàùèòà â åãî ðóêàõ - ñòðàøíîå îðóæèå.} 3. c4 Bg7 4. Nc3 O-O 5. Bg5 {À âîò è ñþ
ðïðèç! Ñòàíäàðòíûé çàõâàò öåíòðà ïóòåì e2-e4 áåëûå îòêëàäûâàþò íà áóäóùåå. Íå
èñêëþ÷åíî, ÷òî îíè ïîñòàâÿò ïåøêó íà e3, óêðåïëÿÿ ïóíêò d4.} c5 {
Ðàäæàáîâ ïåðåõîäèò ê èíäèéñêèì ïîñòðîåíèÿì.} 6. d5 b5 {Âîëæñêèé ãàìáèò â
ñòàðîèíäèéñêîé çàùèòå! Â ñëó÷àå âçÿòèÿ êîíåì ñ3 ÷åðíûå ìåòíóò êîíÿ f6 íà å4.
Ñîãëàñíî ìîåé áàçå, ïåðâûì ïðèìåíèë ýòîò îñòðåéøèé õîä ãðîññìåéñòåð Ñåðãåé
Êèøíåâ â 1996-ì ãîäó. Òî åñòü òåêóùàÿ ïîçèöèÿ - îíòîñèòåëüíî íîâàÿ â òåîðèè!
Âïðî÷åì, âñå åå èäåè õîðîøî èçâåñòíû...} 7. Nxb5 {Ñóäÿ ïî âñåìó, Äàâèä
êàòåãîðè÷åñêè ïðîòèâ âîëæñêèõ ñòðóêòóð. Äåéñòâèòåëüíî, â ýòîì ïëàíå
ðàñïîëîæåíèå ñëîíà íà g5 íå âïîëíå ëîãè÷íî.} ({Ñìîòðèì ïàðòèþ-ïåðâîèñòî÷íèê:
} 7. cxb5 a6 8. a4 Qa5 9. Bd2 axb5 10. Nxb5 Qb6 11. Bc3 Bb7 12. d6 exd6 13.
Nxd6 Bd5 14. Nb5 Bc4 15. e3 Bxf1 16. Kxf1 d5 17. b4 cxb4 18. Bxb4 Rc8 19. Bc3
Rc4 20. Kg1 Nbd7 21. Nd2 Rc6 22. g3 h5 23. h3 Qa6 24. Bd4 Nc5 25. Kg2 Ne6 26.
Be5 {áåëûå âåñüìà óñïåøíî ðàçûãðàëè äåáþò, ñîõðàíèëè ëèøíþþ ïåøêó, íî çàòåì
ñêàçàëàñü ðàçíèöà â êëàññå, Ñòðàòåð - Êèøíåâ, Ãåðìàíèÿ. 1996 (0-1).}) 7... Ne4
{È ÷òî òåïåðü äåëàòü? Íåóæåëè ïðèäåòñÿ âîçâðàùàòü âûäâèæåíöà íà ñ1?} 8. Bc1 {
Áåç êîìïëåêñîâ! Ïåøêà b2 çàùèùåíà.Ïîêà Íàâàðà ñëåäóåò ïàðòèè Òèõîíîâ - Òåòåðåâ,
Ìèíñê, 2006, êîòîðóþ áåëûå âûèãðàëè...} a6 {
Ïîëåçíî îòòåñíèòü áåëîãî êîíÿ íà íåóäà÷íîå ìåñòî.} 9. Na3 {Ñóäÿ ïî âíåøíåìó
ðèñóíêó ïîçèöèè, ÷åðíûå ïîëó÷àþò ïðèëè÷íóþ èíèöèàòèâó çà ïåøêó.} Qa5+ 10.
Nd2 {Áåëûå, ïîäîáíî óëèòêå, ïîëíîñòüþ ñïðÿòàëèñü â ñâîåì ïàíöèðå. Ëèøíÿÿ
ïåøêà ñîõðàíåíà! Îñòàëîñü âñåãî íè÷åãî - ðàçâèòüñÿ...} e6 {Ñîâåðøåííî
î, ÷òî áåëûì íå õâàòèò òåìïîâ äëÿ òîãî, ÷òîáû áåçáîëåçíåííî îñóùåñòâèòü
ìîáèëèçàöèþ ñèë. Âèäèìî, ïðèäåòñÿ âåðíóòü íàãðàáëåííîå... Íåîáõîäèìî ñðî÷íî
âûâîäèòü ñëîíà íà g2, íå îáðàùàÿ âíèìàíèÿ íà ïðîáëåìû ïåøêè d5. ß íàäåþñü,
÷òî íèêîìó èç çðèòåëåé íå ïðèäåò â ãîëîâó ðàçìåíÿòüñÿ ïåøêàìè íà å6, âñêðûòü
äëÿ ÷åðíûõ âåðòèêàëü "d", è êàê ñëåäñòâèå - ïðîèãðàòü â 20... íåò, â 15
õîäîâ!} 11. g3 {Äàâèä äåìîíñòðèðóåò õëàäíîêðîâèå è ñîîáðàçèòåëüíîñòü. Ïîêà
ñîïåðíèêè íå ñäåëàëè íè÷åãî íîâîãî! Èíòåðåñíî áûëî áû óçíàòü, ãäå êîí÷àþòñÿ
èõ ïîçíàíèÿ, íàñêîëüêî ïðîñòèðàþòñÿ èõ äîìàøíèå àíàëèçû? Õîòÿ, ñêàæèòå íà
ìèëîñòü, êòî æå ñòàíåò ãëóáîêî è êàðäèíàëüíî àíàëèçèðîâàòü ñòîëü ðåäêèå
âàðèàíòû? Íó, ðàçâå ÷òî óòðîì ïåðåä êîíêðåòíîé ïàðòèåé! Â ýòîì ïëàíå ëîãè÷íî
ïðåäïîëîæèòü, ÷òî Íàâàðà èìååò ïðåâîñõîäñòâî â çíàíèÿõ - âåäü èìåííî îí
ñäåëàë øàã âëåâî - 5.Bg5!? Èòàê, äàâàéòå âñãëÿíåì íà ïîçèöèþ ïîâíèìàòåëüíåå.
×åðíûå ìîãóò ñúåñòü ïåøêó íà d5 ñëîíîì, íî ïðè ýòîì áåëûå óñïåþò ðîêèðîâàòü,
äëÿ èõ êîíÿì îòêðîåòñÿ ïðåêðàñíîå ïîëå ñ4, ÷åðíûé ôåðçü îêàæåòñÿ ïîä óäàðîì...
Âû çíàåòå, â âàðèàíòàõ íå âèäíî õîðîøåãî ïóòè çà ÷åðíûõ. Íåóæåëè ïîñëå
ìàíåâðîâ Bc1-g5-c1 è Nb1-3-b5-a3 áåëûå ïîëó÷àò ïåðåâåñ?? Âåê æèâè, âåê ó÷èñü
- äóðàêîì ïîìðåøü! Òåéìóð äîëãî èçó÷àåò ïîçèöèþ. Íàâåðíîå, îí òîæå íèêàê íå
ìîæåò ïîâåðèòü ñâîèì ãëàçàì!} exd5 {
Íîâèíêà! Ïîæàëóé, áåëûì íå ñòîèò îòâëåêàòüñÿ îò ãåíåðàëüíîãî ïëàíà - 12.Bg2!} (
{Ñìîòðèì èãðó ïðåäøåñòâåííèêîâ:} 11... Bb7 12. Bg2 exd5 13. cxd5 Bxd5 14. O-O
Qb4 15. Nc2 Qb7 16. Ne3 Bc6 17. Ndc4 Nf6 18. Na5 Qb5 19. Nxc6 Nxc6 20. a4 Qb6
21. b3 Rab8 22. Ba3 Qxb3 23. Bxc5 {è áåëûå ïîëó÷èëè ñòàáèëüíûé ïîçèöèîííûé
ïåðåâåñ, Òèõîíîâ - Òåòåðåâ, Ìèíñê, 2006}) 12. Bg2 {Âåðíî. Ó ÷åðíûõ
ïîÿâëÿþòñÿ ñåðüåçíûå ïðîáëåìû ïî áîëüøîé áåëîé äèàãîíàëè. Óæå ìîæíî ñäåëàòü
âûâîä, ÷òî Äàâèäó óäàëîñü èçðÿäíî îçàäà÷èòü ëèäåðà â äåáþòå! Òåéìóðó òÿæåëî.
..} Nxd2 {Òðóäíîå ðåøåíèå. Íå õîòåëîñü, êîíå÷íî, ðàíüøå âðåìåíè ñíèìàòü
íàïðÿæåíèå... Òåïåðü ëþáîå îòâåòíîå âçÿòèå íà d2 äàåò áåëûì ïåðåâåñ. È
ëèøíþþ ïåøêó!} ({ß ñ÷èòàë çäåñü òàêîé âàðèàíò -} 12... Bb7 13. O-O Bxb2 14.
Bxb2 Nxd2 15. cxd5 Nxf1 16. Nc4 Qb4 17. Qc2 {
- ó ÷åðíûõ ïîêà ëèøíÿÿ ëàäüÿ, íî èõ ïîçèöèÿ àáñîëþòíî áåçíàäåæíà!}) 13. Bxd2
Qd8 {Âñå íàçàä. Òåïåðü íàïðàøèâàåòñÿ èñêðîìåòíàÿ æåðòâà êà÷åñòâà 14.cxd5!
Bxb2 15.Nc4 - ïîçèöèîííîå ïðåâîñõîäñòâî áåëûõ â âàðèàíòàõ ïðîñòî ïîäàâëÿþùåå.
Ïîêà Íàâàðà ñ÷èòàåò âàðèàíòû, áðîñèì áûñòðûé âçãëÿä â ñòîðîíêó...... Êàðÿêèí
- Ìîòûëåâ: Çàùèòà Êàðî-Êàíí, èíèöèàòèâà íà ñòîðîíå áåëûõ. Øèðîâ - Âàí Âåëè:
Ñàìûé ïîïóëÿðíûé âàðèàíò ñèöèëèàíñêîé çàùèòû, ñàìûé èíòåðåñíûé è òåîðåòè÷åñêè
âàæíûé ïîåäèíîê äíÿ! Îöåíêè äàâàòü åùå ðàíî... Òèâÿêîâ - Òîïàëîâ: Èñïàíñêàÿ
ïàðòèÿ, ðåäêèé âàðèàíò áåðëèíñêîé çàùèòû. Ó ÷åðíûõ êàê ìèíèìóì âñå â ïîðÿäêå.
Ïîíîìàðåâ - Êðàìíèê: Àíòèìåðàíñêèé âàðèàíò ñëàâÿíñêîé çàùèòû. Ïðèìåðíîå
ðàâåíñòâî. Àðîíÿí - Êàðëñåí: Îñòðåéøèé âàðèàíò íîâîèíäèéñêîé çàùèòû ïðèâåë ê
âåñüìà áëàãîïðèÿòíîé äëÿ ÷åðíûõ ïîçèöèè.} ({Â ñëó÷àå} 13... Qb6 {
áåëûå ìîãëè íå òîðîïèòüñÿ ñî âçÿòèåì íà d5 -} 14. Rb1 {
, à â äàëüíåéøåì ÷åðíûé ôåðçü ïîïàäåò ïîä óäàð áåëîãî êîíÿ ñ ñ4.}) 14. cxd5 {
Ïîñ÷èòàë, îöåíèë, ðåøèëñÿ!} a5 {Òåéìóð îòêëîíèë ùåäðîå ïðåäëîæåíèå ñîïåðíèêà.
Îí ïðåäïî÷èòàåò èãðàòü õóäøóþ ïîçèöèþ áåç ïåøêè.} ({Ïîñëå} 14... Bxb2 15.
Nc4 {÷åðíûì, âèäèìî, ïðèøëîñü áû âåðíóòü êà÷åñòâî, âïðî÷åì, áåç øàíñîâ íà
ñïàñåíèå. Íàïðèìåð,} Bxa1 16. Qxa1 d6 17. Bh6 f6 18. Bxf8 Kxf8 19. O-O Ra7 20.
Rb1 Rb7 21. Rxb7 Bxb7 22. Qb2 Ba8 23. Nb6 Bb7 24. Bh3 Ke7 25. Be6 Qc7 26. g4 g5
27. h4 h6 28. Qb1 {
è âòîðæåíèå áåëîãî ôåðçÿ â ÷åðíûé òûë çàâåðøàåò íåðàâíóþ áîðüáó.}) 15. Bc3 ({
Âîçìîæíî, åùå ñèëüíåå áûëî} 15. Nc4 Ba6 16. Rc1 d6 17. b3) 15... d6 16. O-O {
Èòàê, áåëûå ïîëíîñòüþ çàâåðøèëè ðàçâèòèå. Ó íèõ ëèøíÿÿ ïåøêà è ïîçèöèîííîå
ïðåâîñõîäñòâî.} Ba6 {
Îäíà ðàäîñòü äëÿ ÷åðíûõ - óäàëîñü íå äîïóñòèòü áåëîãî êîíÿ íà ñ4.} 17. Qd2
Bxc3 18. bxc3 {Áåëûå óáðàëè ïîòåíöèàëüíî ñëàáóþ ïåøêó ñ îòêðûòîé âåðòèêàëè.}
Nd7 {Òåïåðü áåëûì ñòîèò ïîáîðîòüñÿ çà âåðòèêàëü - 21.Rab1! Äàëåå ìîæíî áóäåò
óêðåïèòüñÿ íà b5 ïóòåì c3-c4 è Na3-b5.} 19. Rab1 {Âñå âåðíî. Êîíå÷íî, ñëîí g2
ïîêà î÷åíü ïàññèâåí. Íî ñî âðåìåíåì è åìó íàéäåòñÿ ïðèìåíåíèå. ×åðíûì íàäî
÷òî-òî ïðèäóìûâàòü...} f5 {È Òåéìóð ïðèäóìàë... Îí ñäåëàë î÷åíü ðåçêèé õîä!
Ìîë, ïîìèðàòü, òàê ñ ìóçûêîé.... Â ïàðòèè Òèâÿêîâ - Òîïàëîâ ïîëó÷èëîñü ðàâíîå
îêîí÷àíèå. Ìîòûëåâ ñóìåë îòðàçèòü ïåðâûé íàòèñê Êàðÿêèíà. Âàí Âåëè ðåøèë
ïðîâåðèòü çàìûñåë çíàìåíèòîãî àòàêåðà - çàáðàë ïîæåðòâîâàííóþ ôèãóðó!} 20. Nb5
{Ïðàâèëüíî. Ïåðâàûì äåëîì íóæíî óêðåïèòü ôåðçåâûé ôëàíã - ÷òîáû çàòåì
ïåðåêëþ÷èòüñÿ íà êîðîëåâñêèé.} Ne5 21. e4 $6 {Îòâåòíàÿ ðåçêîñòü! È, êàæåòñÿ,
ñîâåðøåííî íåîïðàâäàííàÿ. Ñïðàøèâàåòñÿ - çà÷åì òàê òîðîïèòüñÿ â êîìôîðòíîé
ïîçèöèè ñ ëèøíåé ïåøêîé? Ó ÷åðíûõ ñåé÷àñ åñòü ñèëüíûé îòâåò 21...f4! 22.gxf4
Nñ4 ñ ìîãó÷åé êîíòðèãðîé. Ðàäæàáîâ íàäîëãî ïîãðóçèëñÿ â ïîçèöèþ...} Nc4 {
Ïî-ìîåìó, ýòî íåñíîãî ñëàáåå.} ({Ñ÷èòàåì âàðèàíò -} 21... f4 22. gxf4 Nc4 23.
Qd3 (23. Qc1 Rb8 24. a4 Qh4 $1) 23... Na3 24. c4 Nxb1 25. Rxb1 Bxb5 26. cxb5
Rxf4 27. Qg3 {- ó áåëûõ åñòü íåïëîõàÿ êîìïåíñàöèÿ çà êà÷åñòâî. Íî çà÷åì
íóæíû òàêèå ïðèêëþ÷åíèÿ? Âìåñòî áîðüáû çà äâà ðåçóëüòàòà ïîëó÷àåì
îáîþäîîñòðóþ - çà òðè.}) 22. Qc1 {Îïÿòü æå ñþðïðèç.} ({Íåïëîõî ñìîòðåëîñü} 
22. Qh6 {, ïîñëå ÷åãî âûèãðûø êà÷åñòâà íå äàåò ÷åðíûì íè÷åãî õîðîøåãî -} f4
23. gxf4 Nd2 24. f5 Nxb1 25. fxg6 Qe7 26. Rxb1 {è ó áåëûõ ñëèøêîì ìíîãî ïåøåê.}
) 22... a4 {Íåâîçìîæíî óãàäàòü íè åäèíîãî õîäà! Âïðî÷åì, ïîñëåäíåå ðåøåíèå
÷åðíûõ êàê ðàç ëîãè÷íî - îíè íå äàþò áåëûì óêðåïèòü êîíÿ b5 ïóòåì à2-à4.
Çàòî óïóñêàþò âîçìîæíîñòü çàáëîêèðîâàòü êîðîëåâñêèé ôëàíã. Âèäèìî, íà 23.exf5
Òåéìóð çàãîòîâèë îòâåò 23...Rb8! ×òî æ, Äàâèä ïîëó÷èë òî, ÷åãî è õîòåë -
æóòêèå îñëîæíåíèÿ! È íå ôàêò, ÷òî îí âûéäåò èç íèõ æèâûì.} 23. exf5 {
Ðàçóìååòñÿ. Åäèíñòâåííîå ðàçóìíîå ðåøåíèå.} Qd7 {×òî æ, ìîæíî è òàê íàïàñòü
íà êîíÿ. Áåëûå âûíóæäåíû åãî îòäàòü. Âèäèìî, çäåñü ñëåäóåò èçáðàòü ïðîäîëæåíèå
24.fxg6 Bxb5 25.Re1! c èäååé íàïðàâèòü ëàäüþ íà å6. ß ïîëàãàþ, ÷òî áåëûå
ïîëó÷àò çà êîíÿ íåïëîõóþ èíèöèàòèâó. È ìíîæåñòâî ïåøåê ïðî çàïàñ.} 24. fxg6 {
Ñîãëàñèòåñü, ÷òî â ýòîò ìîìåíò áåëûé ôåðçü áûë áû ëó÷øå ðàñïîëîæåí íà h6!}
Bxb5 25. Qg5 $6 {Åùå îäèí ñþðïðèç! Âèäèìî, ïðèÿòíûé äëÿ Òåéìóðà! Îí ìîæåò
ñûãðàòü çäåñü 25...Na3!, óâåëè÷èâàÿ ñâîé ìàòåðèàëüíûé ïåðåâåñ.} ({
Â àíàëèçå õîä} 25. Re1 $1 {äîñòàâëÿåò ÷åðíûì áîëüøèå íåïðèÿòíîñòè} {Íàïðèìåð,}
Ba6 26. Re6 Qg7 27. Be4 h6 28. f4 Bc8 29. f5 {ñ ñóìàñøåäøèìè îñëîæíåíèÿìè.})
25... Ne5 {Â ïðåääâåðèè öåéòíîòà Ðàäæàáîâ ðåøèë ñûãðàòü ïîïëîòíåå.} (25... Na3
$5 26. gxh7+ Kh8 27. Rfe1 Nxb1 28. Re7 Qxe7 29. Qxe7 Rae8 {
è ÷åðíûå âûèãðûâàþò}) 26. gxh7+ Kh8 {
Â äàííûé ìîìåíò ïåøêà íà h7 íåîáõîäèìà äëÿ ñïàñåíèÿ ÷åðíîãî êîðîëÿ.} ({
Äîêàçàòåëüñòâî ýëåìåíòàðíî -} 26... Kxh7 $4 27. Rxb5 Qxb5 28. Be4+ Kh8 29. Qh6+
Kg8 30. Qh7#) 27. Rfe1 {Ó áåëûõ íåïëîõàÿ êîìïåíñàöèÿ çà ôèãóðó. Â ýòîì
îñòðåéøåì ïîëîæåíèè îáåèì ñòîðîíàì åñòü, ÷åãî îïàñàòüñÿ. Ïîæàëóé, íè÷üÿ -
íàèìåíåå âåðîÿòíûé ðåçóëüòàò!} (27. Rbd1 $1) 27... Bd3 {Òåéìóð ïîñëåäîâàòåëüíî
ïîäâîäèò ôèãóðû ïîáëèæå ê êîðîëþ. Òàê... íà âñÿêèé ñëó÷àé...} 28. Rb6 $2 {
À âîò ýòî óæå îøèáêà. Ñåðüåçíåéøàÿ! Äàâèä íàðóøàåò êîîðäèíàöèþ ñîáñòâåííûõ
ôèãóð. Ëàäüå ñîâåðøåííî íå÷åãî äåëàòü íà b6... Æäåì èñïîëíåíèÿ âàðèàíòà 28...
Rae8 29.Rd1 Qc7 30.Rb2 Nc4! ñ ëîâëåé áåëîé ëàäüè... Îáúÿñíåíèå ñëó÷èâøåãîñÿ
ïðîñòîå - àçàðò è öåéòíîò. Ïîêàçàíèÿ ÷àñîâ: 0.08 - 0.19 Â ýòîò ìîìåíò
îôèöèàëüíûé ñàéò òóðíèðà äàë ñáîé. Ñäåëàåì íåáîëüøóþ ïàóçó...} Rae8 {
Ðàçóìååòñÿ! Ñëàáîñòü ïåðâîé ãîðèçîíòàëè ïðîÿâëÿåòñÿ íåìåäëåííî. Óãðîæàåò âûïàä
áåëîãî êîíÿ íà f3.} 29. Re3 {Íåóìåëàÿ ïîïûòêà çàïóòàòü ñîïåðíèêà. Ïîñëå 29...
Nc4 ïåðåâåñ ÷åðíûõ ñòàíåò ïîäàâëÿþùèì...} Nc4 30. Rxd3 Re1+ 31. Bf1 Qh3 {
Àòàêà ÷åðíûõ íåîòðàçèìà.} 32. Qg8+ Rxg8 33. hxg8=Q+ Kxg8 34. Rb8+ {
Ïîçîð ëàäüå-äåçåðòèðó!} Kg7 {ÁÅËÛÅ ÑÄÀËÈÑÜ. ×òî òóò ìîæíî ñêàçàòü? Íàâàðà
îêàçàëñÿ íàìíîãî ëó÷øå ãîòîâ â äåáþòå. Ðàäæàáîâ ÿâíî íå îæèäàë ñëó÷èâøèéñÿ
âàðèàíò è â èòîãå ïîëó÷èë ïîçèöèþ, áëèçêóþ ê áåçíàäåæíîé. À çàòåì âçÿë è
âûèãðàë ïàðòèþ! Ïîòîìó ÷òî ëó÷øå ñîïåðíèêà èãðàåò â øàõìàòû... Äàâèä,
êîíå÷íî, ñëèøêîì ïåðåâîëíîâàëñÿ - ðàñòåðÿëñÿ, ïîëó÷èâ îãðîìíûé ïåðåâåñ. Åãî
íåðâíàÿ èãðà âî âòîðîé ïîëîâèíå ïàðòèè âûçûâàåò ñîæàëåíèå.} 0-1

[Event "Corus Wijk aan Zee"]
[Site " Wijk aan Zee"]
[Date "2007.01.18"]
[Round "5"]
[White "GM Ponomariov, Ruslan (UKR)"]
[Black "GM Kramnik, Vladimir (RUS) "]
[Result "1/2-1/2"]
[WhiteElo "2723"]
[BlackElo "2766"]
[Annotator "Ðîìàí Äîáðîíîâñêèé "]
[PlyCount "37"]
[EventDate "2007.01.??"]
[EventType "tourn"]
[EventCountry "NED"]
[EventCategory "19"]
[Source "CrestBook.com"]

{Çàäîëãî ïåðåä ýòîé ïàðòèåé ìåíÿ íå ïîêèäàëî íåõîðîøåå ïðåä÷óâñòâèå
îòíîñèòåëüíî å, ðåçóëüòàòà, à êîãäà ïåðåä ñàìûì îíëàéíîì Crest «óí,ñ â
êëþâå» åù¸ îäíó «ìîþ» ïàðòèþ (Íàâàðà-Ðàäæàáîâ), ñòàëî ñîâñåì òîñêëèâî...
} 1. d4 {Î õîäå 1.e4 ïðîòèâ Êðàìíèêà ó Ðóñëàíà ïëîõèå âîñïîìèíàíèÿ: â 2003
ãîäó íà òóðíèðå â Ëèíàðåñå îí ñ òðåñêîì ïðîèãðàë ñâîåìó èìåíèòîìó îïïîíåíòó.À
åäèíñòâåííàÿ ïîáåäà Ïîíîìàð,âà íàä Êðàìíèêîì ñëó÷èëàñü â òîì æå 2003 ãîäó
(òîëüêî ÷óòü ðàíüøå - â àïðåëå) íà òóðíèðå â Âåéê-àí-Çåå.} d5 2. c4 c6 3. Nc3
Nf6 4. e3 e6 {Êàðëñåí èãðàë ïðîòèâ Ðóñëàíà òóðîì ðàíåå 4...a6!?, íî èñòèííîãî
«ìåðàíöà» Êðàìíèêà íå ïðåëüñòèøü âàðèàíòîì ×åáàíåíêî ïóñòü è ñ íå ëó÷øèì,
íà ìîé âçãëÿä, õîäîì áåëûõ 4. å3.} 5. Nf3 Nbd7 6. Bd2 ({Õóäøèå ïîäîçðåíèÿ
îáðåòàþò ïî÷âó. Êîíå÷íî, Êðàìíèêà òðóäíî óäèâèòü ÷åì-òî íîâûì â âàðèàíòå} 
6. Bd3 dxc4 7. Bxc4 b5 8. Bd3 Bb7) ({, íî ðàç óæ íå õî÷åòñÿ èãðàòü
ïðèíöèïèàëüíóþ ñõåìó ñ «ìåðàíñêèì ãóðó», òî ÿâíî áîëüøå ïðîáëåì ñòàâèò
ïåðåä ÷¸ðíûìè äðóãîé àíòèìåðàíñêèé õîä -} 6. Qc2 $5) 6... Bd6 7. Bd3 O-O 8.
O-O dxc4 {Åñëè ÷¸ðíûå õîòÿò ïðîñòî óðàâíÿòü èãðó - ëó÷øèé õîä.} ({
Íàïðÿæåíèå ìîæíî áûëî ïîääåðæàòü ïóò¸ì} 8... Qe7) ({èëè} 8... Re8 {õîòÿ áîëüøîé
âîïðîñ â ÷üþ ýòî ïîëüçó - âåäü áåëûå â îáîèõ ñëó÷àÿõ ìîãóò óæå ïîðàçìûñëèòü
íàä 9.å4!?}) 9. Bxc4 e5 10. Qc2 exd4 $1 {Ñàìàÿ ÷,òêàÿ äîðîæêà ê ðàâåíñòâó.} ({
Ïîðàçèòåëüíî, íî ãîðàçäî ÷àùå âñòðå÷àëñÿ õîä} 10... Qe7 $6 {
Ïîðàçèòåëüíî â ïåðâóþ î÷åðåäü ïîòîìó, ÷òî ÷¸ðíûì ïîñëå} 11. Bb3 $1 {
íåâûãîäåí íè ðàçìåí íà d4 (îäíà èç áåëûõ ëàäåé áûñòðî çàéì,ò ëèíèþ «å»,
äîêàçûâàÿ íåóìåñòíîñòü ðàííåãî âûõîäà ÷¸ðíîãî ôåðçÿ),íè} e4 12. Ng5 Bxh2+ 13.
Kxh2 Ng4+ 14. Kg1 Qxg5 15. Qxe4 Ndf6 16. Qf4 Qxf4 17. exf4 {, è, íåñìîòðÿ íà
âíåøíþþ áåçîáèäíîñòü ñèòóàöèè, ó ÷¸ðíûõ î÷åíü òÿæ,ëûé ýíäøïèëü è ïðîñòî
ïëà÷åâíûå ðåçóëüòàòû íà ïðàêòèêå.}) 11. exd4 Nb6 12. Bb3 ({âñ¸ æå èíòåðåñíåå} 
12. Bd3 $5 {Âèäèòå, ïî÷òè êî âñåì õîäàì ïðèõîäèòñÿ ñòàâèòü «!?» - âñÿ
ïàðòèÿ ñïëîøíàÿ íåäîñêàçàííîñòü...}) 12... Bg4 13. Ne5 Bc7 14. Be3 Qd6 15. Ne4
({Ðóñëàí àêêóðàòíî ìåíÿåò ôèãóðû, ñâîäÿ íà íåò èãðîâîé ïîòåíöèàë ïîçèöèè.
Íàïðÿæåíèå ìîæíî áûëî ïîääåðæàòü êàêèì-íèáóäü õîäîì âðîäå} 15. Rfe1 {
íî ðåàëüíûå óãðîçû áåëûì ñîçäàòü î÷åíü ñëîæíî.}) 15... Nxe4 16. Nxg4 Nf6 ({
Ñîìíèòåëüíà çäåñü àãðåññèâíàÿ òàêòèêà -} 16... Nd5 $6 17. Qxe4 f5 18. Bf4 Qd7
19. Bxd5+ cxd5 20. Nh6+ gxh6 21. Qe3 {ñ ÿñíûì ïåðåâåñîì áåëûõ.}) 17. Ne5 Nbd7 (
{Rybka íàñòàèâàåò» íà õîäå} 17... Nfd5 $5 {ñ èäååé 18...f6!, íî áîåâûì
íàñòðîåì ñ îáåèõ ñòîðîí â ýòîé ïàðòèè è íå ïàõëî. Äðóã äðóãà óâàæàåì, äðóã
äðóãà íå òðîãàåì...}) 18. Nf3 ({
Ïîñëåäíèì øàíñîì âíåñòè îæèâëåíèå â ýòî öàðñòâî ñåðîñòè áûëî} 18. Bf4 $5 {
Íî íåò ñîìíåíèé, ÷òî ÷åìïèîí ìèðà íàø,ë áû âàðèàíò} Qxd4 $1 19. Nxd7 Qxd7 20.
Rad1 Qc8 21. Bg5 Nd5 $1 (21... Qg4 $6 22. Bxf6 gxf6 23. h3 Qg6 24. Rd7) 22.
Bxd5 cxd5 23. Qb3 Re8 24. Rxd5 Bb6 {ñî ñêîðîé íè÷üåé.}) 18... Nd5 19. Qf5 {
Ïðîòèâíèêè óñòàëè äðóã îò äðóãà è ëóííîãî ïåéçàæà íà äîñêå. ÍÈ×Üß.} 1/2-1/2

[Event "Corus Wijk aan Zee"]
[Site " Wijk aan Zee"]
[Date "2007.01.18"]
[Round "5"]
[White "GM Anand, Viswanathan (IND)"]
[Black "GM Svidler, Peter (RUS)"]
[Result "1-0"]
[WhiteElo "2779"]
[BlackElo "2728"]
[Annotator "Ñåðãåé Øèïîâ (îíëàéí)"]
[PlyCount "41"]
[EventDate "2007.01.??"]
[EventType "tourn"]
[EventCountry "NED"]
[EventCategory "19"]
[Source "CrestBook.com"]

1. e4 e5 2. Nf3 Nc6 3. Bb5 {Ðàçóìååòñÿ, èñïàíñêàÿ ïàðòèÿ.} a6 4. Ba4 Nf6 5. O-O
Be7 6. Re1 b5 7. Bb3 O-O {Ìàðøàëë èëè íå Ìàðøàëë - âîò â ÷åì âîïðîñ!} 8. h3 {
Îòíþäü!} Bb7 9. d3 {Áåëûå äåéñòâóþò íåòîðîïëèâî è íàä,æíî.} Re8 {×¸ðíûå ïîêà
íå ñòàâÿò ïåøêó íà d6, ÷òîáû â îòâåò íà Nb1-c3 èìåòü âîçìîæíîñòü âûäâèíóòü
ñëîíà å7 íà b4.} 10. a4 {Áåëûå òàêæå íå òîðîïÿòñÿ îïðåäåëÿòü ñâîè ïëàíû.} h6 {
Åù¸ îäèí ïîëåçíûé âûæèäàòåëüíûé õîä.} 11. c3 {
Âîò òåïåðü âñ¸ ÿñíî! Êîíü ïîéä,ò íà d2.} b4 {
Ïîñëå íåîæèäàííî äîëãîãî ðàçäóìüÿ Ï,òð ñíèìàåò íàïðÿæåíèå íà ôåðçåâîì ôëàíãå.}
({o/oíûé Àäàìñ â 1991-ì ãîäó èãðàë çäåñü} 11... Bf8) ({
À çðåëûé Àíàíä ïðîòèâ Òîïàëîâà íà òóðíèðå Ìîíàêî-2006 èçáðàë} 11... Bc5 {
. Ó ÷¸ðíûõ - øèðîêèé âûáîð.}) 12. Nbd2 d5 {Âîò îíî ÷òî! Ñâèäëåð ýíåðãè÷íî
áîðåòñÿ çà ïðîñòðàíñòâî â öåíòðå. Õîä â ïàðòèè - íîâèíêà.} ({Â ïàðòèè Íèêñäîðô
- Ìàíóñ, Ãåðìàíèÿ, 1994 áåëûå ïîëó÷èëè çàìåòíûé ïåðåâåñ ïîñëå} 12... Rb8 13.
Nc4 Bf8 14. Bd2 Ba8 15. Bc2 d6 16. a5 Nd7 17. d4 exd4 18. cxd4 Qf6 19. Be3 {
1/2-1/2 Nixdorf,A (2040)-Manus,C/Kassel 1994/GER (70) è ò.ä.}) 13. a5 {
Òîíêèé, òèïè÷íî èñïàíñêèé ïîçèöèîííûé íþàíñ! Áåëûå ëèøàþò ÷¸ðíîãî êîíÿ
ïîëÿ à5, îáåñïå÷èâàÿ ñâîåìó áåëîïîëüíîìó ñëîíó 2 ñòîÿíêè íà âûáîð - íà ñ4 èëè
à4.} dxe4 14. dxe4 {Ïîëîæåíèå â öåíòðå ñòàáèëèçèðîâàëîñü. Ó áåëûõ ïîïðèÿòíåå
çà ñ÷,ò íåêîòîðîãî äàâëåíèÿ ïî áåëûì ïîëÿì.} Bc5 {
×¸ðíîìó ñëîíó âñ¸ æå óäàëîñü âûéòè íà àêòèâíóþ ïîçèöèþ.} 15. Qe2 {
Áåëûé ôåðçü ãîòîâ îòïðàâèòüñÿ íà f7 ñ ïðèâàëîì íà ñ4.} Qe7 {Ïðèâàë, êîíå÷íî,
ìîæíî ñäåëàòü - îòäîõíóòü è ïîêðàñîâàòüñÿ - íî êîíå÷íûé ïóíêò óæå íåäîñòèæèì.}
16. Nh4 {Áåëîïîëüíàÿ ñòðàòåãèÿ Àíàíäà ðàçâèâàåòñÿ óñïåøíî.} Nd7 {×¸ðíûå íà÷èí
àþò íåî÷åâèäíóþ ïåðåñòðîéêó ôèãóð. Áåëûé êîíü ñ òåìïîì âúåçæàåò íà f5,
ôåðçþ îñâîáîæäåíî ïîëå g4...} ({Íàäåæíåå ñìîòðåëîñü} 16... Bc8 {, è íà} 17.
Ba4 {åñòü îòâåò} Qe6 $1) 17. Nf5 Qf6 {Òåïåðü áåëûå ìîãóò àêòèâèçèðîâàòü
âòîðîãî êîíÿ, îòêðûâàÿ ïîïóòíî äîðîãó ñëîíó ñ1.} 18. Qg4 {Íåò. Ïðåæäå ÷åì
ñòàâèòü êîíÿ íà f3, Âèøè ïðîïóñêàåò âïåð,ä ôåðçÿ. Ëîãè÷íî ñûãðàíî! Ïîïóòíî
ñîçäàíà óãðîçà âûèãðûøà ïåøêè ïóò¸ì Nf5xh6+. ß âñ¸ áîëüøå è áîëüøå ñêëîíÿþñü
ê ìíåíèþ, ÷òî õîä 16...Nd7 áûë íåóäà÷íûì.} Ne7 {Ïîïûòêà îáîñòðèòü èãðó è
çàïóòàòü ñîïåðíèêà. Âîçìîæíî, ïðåæäå ÷åì áèòü íà h6, áåëûì ñòîèò îòâëå÷ü ÷,
ðíîãî ñëîíà îò ïóíêòà f2 ïóò¸ì 19.cxb4!?} 19. Nxh6+ {
Âèøè ïðåäïî÷èòàåò äåéñòâîâàòü íàïðÿìèê.} Qxh6 20. Qxd7 {
Ó áåëûõ - ëèøíÿÿ ïåøêà. À ÷òî åñòü ó ÷¸ðíûõ? Íå âèæó íè ìàëåéøåé êîìïåíñàöèè!
} Red8 {Âîò ýòî äà-à-à!!! Âèäèìî, Ñâèäëåð çàðàíåå ïðîñ÷èòàë ýòîò âàðèàíò è ...
ïðîñ÷èòàëñÿ! Áåëûå ìîãóò åñòü âñ¸, ÷òî äàþò. Àòàêà ÷¸ðíûõ âïîëíå áåçîáèäíà.
} 21. Qxc7 {Ðàçóìååòñÿ. Àíàíäà íå íóæíî äîëãî óïðàøèâàòü.} ({Â ñëó÷àå (ïîñëå} 
21. Qxc7 {)} Rxd2 {åñòü õîëîäíîå âçÿòèå íà ñ5}) ({à (ïîñëå} 21. Qxc7 {
)  â ñëó÷àå} Rac8 22. Qxb7 Rxd2 {- îòâåò} 23. Re2 $1 {ñ âûèãðûøåì áåëûõ.... Â
ýòîò ìîìåíò Ñâèäëåð îñîçíàë âñþ ãëóáèíó ñâîåãî âíåçàìíîãî ïàäåíèÿ. ×..ÐÍÛÅ
ÑÄÀËÈÑÜ! Ïå÷àëüíûé ñëó÷àé â ïðàêòèêå òàëàíòëèâåéøåãî ãðîññìåéñòåðà...}) 1-0